Los deberes o cargas en la legislación urbanística / (Record no. 177633)
[ view plain ]
| 000 -LEADER | |
|---|---|
| campo de control de longitud fija | 00891nam a22002415i 4500 |
| 001 - NÚMERO DE CONTROL | |
| campo de control | 177633 |
| 003 - IDENTIFICADOR DE NÚMERO DE CONTROL | |
| campo de control | ES-MaACL |
| 005 - FECHA Y HORA DE LA ÚLTIMA TRANSACCIÓN | |
| campo de control | 20230906220358.0 |
| 008 - DATOS DE LONGITUD FIJA--INFORMACIÓN GENERAL | |
| campo de control de longitud fija | 110407s1974 sp |||| | spa d |
| 020 ## - NÚMERO INTERNACIONAL ESTÁNDAR DEL LIBRO | |
| Número Internacional Estándar del Libro | 84-7111-083-0 |
| 080 ## - NÚMERO DE LA CLASIFICACIÓN DECIMAL UNIVERSAL | |
| Número de la Clasificación Decimal Universal | 349.44(460) |
| 100 1# - ENTRADA PRINCIPAL--NOMBRE DE PERSONA | |
| Nombre de persona | Ortega García, Ángel. |
| 9 (RLIN) | 146057 |
| 245 14 - MENCIÓN DEL TÍTULO | |
| Título | Los deberes o cargas en la legislación urbanística / |
| Mención de responsabilidad, etc. | por Ángel Ortega García ; prólogo de Rafael de Mendizábal Allende. |
| 260 ## - PUBLICACIÓN, DISTRIBUCIÓN, ETC. | |
| Lugar de publicación, distribución, etc. | Madrid : |
| Nombre del editor, distribuidor, etc. | Montecorvo, |
| Fecha de publicación, distribución, etc. | 1974. |
| 300 ## - DESCRIPCIÓN FÍSICA | |
| Extensión | 293 p. ; |
| Dimensiones | 25 cm. |
| 490 1# - MENCIÓN DE SERIE | |
| Mención de serie | Monografías. Colección de estudios jurídicos ; |
| Designación de volumen o secuencia | 54 |
| 504 ## - NOTA DE BIBLIOGRAFÍA, ETC. | |
| Nota de bibliografía, etc. | Bibliografía: p. 291-293. |
| 650 ## - PUNTO DE ACCESO ADICIONAL DE MATERIA--TÉRMINO DE MATERIA | |
| Término de materia o nombre geográfico como elemento de entrada | Derecho urbanístico- |
| Subdivisión geográfica | España. |
| 9 (RLIN) | 145987 |
| 700 0# - ENTRADA AGREGADA--NOMBRE PERSONAL | |
| Nombre de persona | Mendizábal Allende, Rafael de. |
| 9 (RLIN) | 80222 |
| 830 0# - PUNTO DE ACCESO ADICIONAL DE SERIE-TÍTULO UNIFORME | |
| Título uniforme | Monografías. Colección de estudios jurídicos ; |
| Designación de volumen o secuencia | 54 |
| 9 (RLIN) | 190484 |
| 852 ## - LOCALIZACIÓN | |
| Ubicación | ES-MaACL |
| Número de control de estantería | E-14834 |
| Encuadernación | Olim P-860-bis |
| Estatus retirado | Estado de pérdida | Estado de daño | No para préstamo | Biblioteca de origen | Biblioteca actual | Ubicación en estantería | Fecha de adquisición | Fuente de adquisición | Total de préstamos | Signatura topográfica completa | Código de barras | Visto por última vez | Precio de reemplazo | Tipo de ítem Koha |
|---|---|---|---|---|---|---|---|---|---|---|---|---|---|---|
| Biblioteca del Ateneo de Madrid | Biblioteca del Ateneo de Madrid | Depósito 2 | 07/04/2011 | E-14834 | 1186583 | 23/02/2023 | 23/02/2023 | Libro impreso |
